000 00325nam a22001217a 4500
008 180601b xxu||||| |||| 00| 0 eng d
041 _aeng
080 _a043.3
100 _a0
101 _aSI-BTH
245 _aNdikimi i teknologjisë informative në menaxhimin efektiv të Burimeve Njerëzore
_cSejdiji,D
942 _2udc
_cBK
999 _c46243
_d46243